000 00624nam a22001937a 4500
003 OSt
005 20260309084159.0
008 260309b |||||||| |||| 00| 0 eng d
020 _a978-971-9655-90
040 _aDWCL Main lib
_cOC
082 _aFil. 658.8 P277i 2024
100 _aPasahol, Jhon Ven Saint L.
245 _aIntroduction to consumer behavior
_cJhon Ven Saint L. Pasahol
260 _aManila, Philippines:
_bMindshapers,
_cc2024.
300 _avii, 290 pages:
_billustrations;
_c25 cm.
504 _aIncludes bibliographical references.
650 _a1. Consumer behavior.
942 _2ddc
_cBK - FIL
_kFil.
_n0
999 _c8772
_d8772